000 01013cab a2200265 4500
001 ABS52074
008 090401t1995 xxu||||| |||| 00| 0 eng d
035 _a(Sirsi) u58587
041 _aeng
245 _aDistribution and manufacturing
260 _c1995
350 _a0
490 _aProperty Week
_v50(3) 19 January 1995, 27-59(9)
520 _aSpecial feature on the role of distribution and manufacturing in commercial property includes articles on the roles of contracting out and automation, speculative shed development, the relative value of mixed use parks rather than dedicated distribution parks and the relationship between manufacturers and landlords.
650 _aDISTRIBUTION CENTRES
650 _aDISTRIBUTION INDUSTRY
650 _aDISTRIBUTION PARKS
650 _aINDUSTRIAL DEVELOPMENT
650 _aMANUFACTURING INDUSTRY
650 _aOCCUPIERS NEEDS
650 _aSPECULATIVE DEVELOPMENT
690 _aPROPERTY-COMMERCIAL PROPERTY
942 _n0
948 _c04/03/1997
999 _c35799
_d35799